Most Prescribed Medicines in Australia - Statistics

General Stats
  • This quiz has been taken 72 times
  • The average score is 5 of 10
Answer Stats
Hint Answer % Correct
Antibiotic Amoxicillin/Clavulanic Acid
85%
Antibiotic Amoxicillin
83%
Diabetes Metformin
75%
High Cholesterol Atorvastatin
72%
High Cholesterol Rosuvastatin
35%
Dyspepsia Pantoprazole
31%
Dyspepsia Esomeprazole
29%
Depression Escitalopram
26%
Hypertension Perindopril
18%
Antibiotic Cefalexin
17%
No matching quizzes found
Score Distribution
Percent of People with Each Score
Percentile by Number Answered
Your Score History
You have not taken this quiz